[Event "1MCRV_F"]
[Site "?"]
[Date "2002.??.??"]
[Round "?"]
[White "Hybl, Vladislav"]
[Black "Sykora, Josef"]
[Result "1/2-1/2"]
[WhiteElo "2305"]
[BlackElo "2370"]
[PlyCount "76"]
[EventDate "2002.??.??"]
[EventType "corr"]
[EventRounds "2"]
[SourceDate "2004.??.??"]

1. d4 Nf6 2. c4 e6 3. Nf3 b6 4. g3 Bb7 5. Bg2 Be7 6. O-O O-O 7. Nc3 Ne4 8. Qc2
Nxc3 9. Qxc3 d6 10. b3 c5 11. Bb2 Bf6 12. Rad1 Qc7 13. Qd2 Rd8 14. Rfe1 Nd7 15.
e4 a6 16. d5 e5 17. a4 Rdb8 18. h4 Bc8 19. Ra1 Bd8 20. Nh2 b5 21. axb5 axb5 22.
Rxa8 Rxa8 23. cxb5 Qb7 24. Qe2 Nf8 25. Bf1 Bd7 26. Bc3 Qc8 27. b4 c4 28. Rc1
Bxb5 29. Ng4 Bb6 30. Ne3 Bxe3 31. Qxe3 Nd7 32. Bh3 Qd8 33. Ra1 Rxa1+ 34. Bxa1
Qa8 35. Bc3 Qa4 36. Bxd7 Bxd7 37. Qb6 h5 38. Qxd6 Qd1+ 1/2-1/2

[Event "1MCRV_F"]
[Site "?"]
[Date "2002.??.??"]
[Round "?"]
[White "Kuta, Jiri"]
[Black "Sluka, Vaclav"]
[Result "1/2-1/2"]
[WhiteElo "2320"]
[BlackElo "2245"]
[PlyCount "83"]
[EventDate "2002.??.??"]
[EventType "corr"]
[EventRounds "2"]
[SourceDate "2004.??.??"]

1. d4 d5 2. c4 e6 3. Nf3 Nf6 4. Nc3 c6 5. e3 Nbd7 6. Qc2 Bd6 7. Bd3 dxc4 8.
Bxc4 e5 9. O-O O-O 10. Bb3 Qc7 11. Bd2 exd4 12. exd4 Nb6 13. Rfe1 Bg4 14. Ne5
Rae8 15. Nxg4 Nxg4 16. h3 Nf6 17. Qf5 Qd7 18. Qxd7 Nbxd7 19. d5 Rxe1+ 20. Bxe1
Nb8 21. Bd2 Be5 22. Re1 Re8 23. g4 h6 24. Kf1 Kf8 25. f4 Bd4 26. Rxe8+ Kxe8 27.
dxc6 Nxc6 28. Ke2 a6 29. a3 b5 30. Kd3 Nd7 31. Bd5 Nc5+ 32. Kc2 Ne7 33. Bg2 f5
34. Ne2 Bf2 35. Bc3 g6 36. b4 Ne4 37. Bg7 h5 38. gxh5 gxh5 39. Kd3 Nd6 40. Bf3
h4 41. Nd4 Nc4 42. a4 1/2-1/2

[Event "1MCRV_F"]
[Site "?"]
[Date "2002.??.??"]
[Round "?"]
[White "Sluka, Vaclav"]
[Black "Hybl, Vladislav"]
[Result "0-1"]
[WhiteElo "2245"]
[BlackElo "2305"]
[PlyCount "110"]
[EventDate "2002.??.??"]
[EventType "corr"]
[EventRounds "2"]
[SourceDate "2004.??.??"]

1. d4 Nf6 2. c4 g6 3. Nc3 Bg7 4. e4 d6 5. f3 O-O 6. d5 c5 7. Bg5 h6 8. Be3 e6
9. dxe6 Bxe6 10. Qd2 Nc6 11. O-O-O Kh7 12. g4 Qa5 13. g5 hxg5 14. Bxg5 Nh5 15.
a3 Nd4 16. Kb1 a6 17. Be7 Rfe8 18. Bg5 b5 19. Nd5 Qa4 20. Nb6 Qb3 21. Qd3 Qxd3+
22. Bxd3 Rab8 23. Nd5 Bxd5 24. cxd5 c4 25. Be3 Nb3 26. Ka2 Rec8 27. Bf1 b4 28.
Rb1 bxa3 29. bxa3 Rc7 30. h4 Be5 31. f4 Bxf4 32. Bxf4 Nxf4 33. Nf3 Kg7 34. Nd2
Nxd2 35. Rxb8 Nxe4 36. Kb2 Ng3 37. Rg1 c3+ 38. Kc2 Nf5 39. Bxa6 Ra7 40. Bc4
Ne3+ 41. Kxc3 Rc7 42. Rb4 Nfxd5+ 43. Kd3 Nxb4+ 44. Kxe3 Rxc4 45. axb4 Rxb4 46.
h5 Kf6 47. hxg6 fxg6 48. Rf1+ Ke5 49. Rg1 Rb3+ 50. Ke2 Kf6 51. Rf1+ Kg7 52. Rd1
Rb6 53. Rd5 Kf6 54. Kf3 Rc6 55. Kg4 Ke6 0-1

[Event "1MCRV_F"]
[Site "?"]
[Date "2002.??.??"]
[Round "?"]
[White "Sykora, Josef"]
[Black "Kostal, Jindrich"]
[Result "1/2-1/2"]
[WhiteElo "2370"]
[BlackElo "2305"]
[PlyCount "92"]
[EventDate "2002.??.??"]
[EventType "corr"]
[EventRounds "2"]
[SourceDate "2004.??.??"]

1. Nf3 Nf6 2. g3 g6 3. Bg2 Bg7 4. O-O O-O 5. c4 c6 6. d4 d5 7. Nbd2 Bf5 8. b3
Ne4 9. Bb2 Nd7 10. Nh4 Nxd2 11. Qxd2 Be6 12. cxd5 cxd5 13. Rac1 Qb6 14. Nf3 Nf6
15. Ba3 Ne4 16. Qb4 Rfc8 17. Rxc8+ Rxc8 18. Qxb6 axb6 19. e3 Kf8 20. Ne1 g5 21.
Bb4 g4 22. Nd3 Ke8 23. Nf4 Rc2 24. Nxe6 fxe6 25. Bxe4 dxe4 26. a3 Kd7 27. Rd1
Rb2 28. Kg2 h5 29. Rc1 Rxb3 30. h3 Rb2 31. hxg4 hxg4 32. Rh1 Bf6 33. Rh5 Rc2
34. Kf1 Rc8 35. Rh6 Rg8 36. Ke2 Kc6 37. Rh1 Kd5 38. Rc1 Re8 39. Rc7 e5 40. dxe5
Bxe5 41. Rxb7 Kc6 42. Ra7 Bf6 43. a4 Rg8 44. a5 bxa5 45. Rxa5 Rg5 46. Rxg5 Bxg5
1/2-1/2

[Event "1MCRV_F"]
[Site "?"]
[Date "2002.??.??"]
[Round "?"]
[White "Mudra, Oldrich"]
[Black "Vondracek, Emil"]
[Result "0-1"]
[WhiteElo "2200"]
[BlackElo "2280"]
[PlyCount "76"]
[EventDate "2002.??.??"]
[EventType "corr"]
[EventRounds "2"]
[SourceDate "2004.??.??"]

1. e4 c5 2. f4 Nc6 3. Nf3 e6 4. Bb5 Nge7 5. O-O a6 6. Bxc6 Nxc6 7. d3 Be7 8. c4
O-O 9. Nc3 d6 10. Be3 Rb8 11. d4 b5 12. cxb5 axb5 13. dxc5 dxc5 14. Rf2 Qa5 15.
a4 b4 16. Nb5 Rd8 17. Rd2 Ba6 18. Nd6 Bxd6 19. Rxd6 Nd4 20. Rxd8+ Rxd8 21. Nxd4
cxd4 22. Bd2 d3 23. Qe1 Rd4 24. e5 Qd5 25. Qf2 Rc4 26. Rb1 Rc2 27. b3 Bb7 28.
h3 h5 29. Kh2 h4 30. Rg1 Rb2 31. Rd1 Qxb3 32. Qxh4 Qd5 33. Qg3 Rc2 34. Qf2 b3
35. Kg3 b2 36. Rf1 Qxg2+ 37. Qxg2 Bxg2 38. Kxg2 Rxd2+ 0-1

[Event "1MCRV_F"]
[Site "?"]
[Date "2002.??.??"]
[Round "?"]
[White "Nevole, Milan"]
[Black "Nosek, Jaroslav"]
[Result "1/2-1/2"]
[WhiteElo "2210"]
[BlackElo "2275"]
[PlyCount "46"]
[EventDate "2002.??.??"]
[EventType "corr"]
[EventRounds "2"]
[SourceDate "2004.??.??"]

1. d4 Nf6 2. c4 e6 3. Nf3 b6 4. e3 Bb4+ 5. Nbd2 Bb7 6. Bd3 c5 7. a3 Bxd2+ 8.
Bxd2 O-O 9. dxc5 bxc5 10. O-O Ne4 11. Bc1 f5 12. Nd2 Nf6 13. Qe2 Nc6 14. b3 Rb8
15. Bb2 d6 16. e4 fxe4 17. Nxe4 e5 18. Rae1 Nd4 19. Bxd4 cxd4 20. Nxf6+ Qxf6
21. Qg4 Qh6 22. f4 Rxf4 23. Rxf4 Qxf4 1/2-1/2

[Event "1MCRV_F"]
[Site "?"]
[Date "2002.??.??"]
[Round "?"]
[White "Koukal, Vladimir"]
[Black "Pytlik, Lesek"]
[Result "0-1"]
[WhiteElo "2240"]
[BlackElo "2260"]
[PlyCount "82"]
[EventDate "2002.??.??"]
[EventType "corr"]
[EventRounds "2"]
[SourceDate "2004.??.??"]

1. e4 d5 2. exd5 Nf6 3. d4 Nxd5 4. Nf3 g6 5. c4 Nb6 6. Nc3 Bg7 7. c5 Nd5 8. Bc4
c6 9. O-O Be6 10. Ng5 Nxc3 11. Nxe6 Nxd1 12. Nxd8 Kxd8 13. Rxd1 e6 14. Bg5+ Kc8
15. Rd3 b5 16. Bb3 a5 17. a4 b4 18. Rad1 Ra7 19. Bf4 Rd7 20. Bc4 Kb7 21. Bd6
Rhd8 22. Kf1 Na6 23. Ke2 h5 24. h3 Nc7 25. Be5 Bxe5 26. dxe5 Nd5 27. g3 g5 28.
Kd2 Kc7 29. Kc2 Rf8 30. Kb3 f6 31. Re1 h4 32. Re2 Rdf7 33. exf6 Rxf6 34. Re4
Rh6 35. Re2 Rf5 36. g4 Rf7 37. Re5 Rg6 38. Re2 Rgf6 39. Re5 Rxf2 40. Rxe6 Nf4
41. Re7+ Rxe7 0-1

[Event "1MCRV_F"]
[Site "?"]
[Date "2002.??.??"]
[Round "?"]
[White "Skalicky, Frantisek"]
[Black "Kuchta, Jiri"]
[Result "1/2-1/2"]
[WhiteElo "2245"]
[BlackElo "2255"]
[PlyCount "67"]
[EventDate "2002.??.??"]
[EventType "corr"]
[EventRounds "2"]
[SourceDate "2004.??.??"]

1. e4 e5 2. f4 exf4 3. Nf3 g5 4. Bc4 Qe7 5. d4 Qxe4+ 6. Kf2 Qf5 7. Bd3 Qf6 8.
Re1+ Kd8 9. Nc3 Qg7 10. Qe2 Ne7 11. Kg1 g4 12. Nh4 Qxd4+ 13. Kh1 d6 14. Nf5
Bxf5 15. Bxf5 Qe5 16. Bxg4 Qxe2 17. Nxe2 Nbc6 18. Nxf4 Ne5 19. Bh5 Bh6 20. g3
Rg8 21. Bd2 Kd7 22. Rad1 Bg7 23. Bc3 N7g6 24. Nd3 Rae8 25. Nxe5+ Nxe5 26. Rf1
Rgf8 27. Bf3 c6 28. Be4 h6 29. Bb4 Nc4 30. Bf5+ Kc7 31. Rf4 a5 32. Rxc4 axb4
33. Rxb4 d5 34. Bd3 1/2-1/2

[Event "1MCRV_F"]
[Site "?"]
[Date "2002.??.??"]
[Round "?"]
[White "Kuchta, Jiri"]
[Black "Koukal, Vladimir"]
[Result "1/2-1/2"]
[WhiteElo "2255"]
[BlackElo "2240"]
[PlyCount "105"]
[EventDate "2002.??.??"]
[EventType "corr"]
[EventRounds "2"]
[SourceDate "2004.??.??"]

1. e4 e5 2. Nf3 Nf6 3. Nxe5 d6 4. Nf3 Nxe4 5. d4 d5 6. Bd3 Be7 7. O-O Nc6 8.
Re1 O-O 9. Bxe4 dxe4 10. Rxe4 Bf5 11. Re1 Nb4 12. Na3 Re8 13. Bg5 f6 14. Bd2
Qd7 15. Bxb4 Bxb4 16. c3 Rxe1+ 17. Nxe1 Bxa3 18. Qb3+ Qf7 19. Qxa3 Be4 20. b3
a6 21. c4 Re8 22. d5 Qg6 23. Qb4 Bb1 24. f3 Bf5 25. Qd2 Re5 26. Rd1 Qe8 27. Kf1
Re7 28. Nc2 Bxc2 29. Qxc2 Qh5 30. h3 h6 31. Re1 Rxe1+ 32. Kxe1 Qh4+ 33. Qf2 Qf4
34. Qe2 Kf8 35. Qe4 Qc1+ 36. Kf2 Qa3 37. Kg3 Qxa2 38. Qe6 Qa5 39. h4 h5 40. Kh3
Qc5 41. Qc8+ Kf7 42. Qxb7 Qd6 43. Qc8 a5 44. g4 hxg4+ 45. Qxg4 Qb6 46. h5 Qxb3
47. Qe6+ Kf8 48. Qc8+ Kf7 49. Qxc7+ Kg8 50. Qc8+ Kf7 51. Qe6+ Kf8 52. d6 Qxf3+
53. Kh4 1/2-1/2

[Event "1MCRV_F"]
[Site "?"]
[Date "2002.??.??"]
[Round "?"]
[White "Pytlik, Lesek"]
[Black "Nevole, Milan"]
[Result "1/2-1/2"]
[WhiteElo "2260"]
[BlackElo "2210"]
[PlyCount "70"]
[EventDate "2002.??.??"]
[EventType "corr"]
[EventRounds "2"]
[SourceDate "2004.??.??"]

1. d3 d5 2. Nf3 Nc6 3. g3 e5 4. Bg2 Nf6 5. O-O h6 6. a3 Be7 7. b4 e4 8. dxe4
dxe4 9. Nfd2 Bf5 10. Nb3 Qxd1 11. Rxd1 e3 12. Ra2 exf2+ 13. Kxf2 Ng4+ 14. Kg1
Rd8 15. Bxc6+ bxc6 16. Rxd8+ Kxd8 17. Bb2 Bg5 18. Bxg7 Be3+ 19. Kf1 Rg8 20. Bd4
Nxh2+ 21. Kg2 Ng4 22. N1d2 Re8 23. c3 Be6 24. c4 f5 25. Bxe3 Nxe3+ 26. Kf2 Bxc4
27. Nxc4 Nxc4 28. Nd4 Kd7 29. Nxf5 Rf8 30. e4 Nd6 31. Rd2 Ke6 32. Re2 Ke5 33.
Kf3 h5 34. Re1 a6 35. Re3 Rf6 1/2-1/2

[Event "1MCRV_F"]
[Site "?"]
[Date "2002.??.??"]
[Round "?"]
[White "Nosek, Jaroslav"]
[Black "Mudra, Oldrich"]
[Result "1-0"]
[WhiteElo "2275"]
[BlackElo "2200"]
[PlyCount "77"]
[EventDate "2002.??.??"]
[EventType "corr"]
[EventRounds "2"]
[SourceDate "2004.??.??"]

1. d4 Nf6 2. Bg5 c5 3. d5 Ne4 4. Bf4 Qb6 5. Bc1 g6 6. f3 Nd6 7. e4 Bg7 8. Nc3
f5 9. exf5 Nxf5 10. Nge2 O-O 11. h4 Nd4 12. h5 gxh5 13. Ng3 Qg6 14. Nce4 Be5
15. Nxh5 Nf5 16. c3 Ng3 17. Nhxg3 Bxg3+ 18. Nf2 d6 19. Be3 Bf5 20. Qd2 Nd7 21.
O-O-O Nf6 22. Nh3 Nh5 23. Ng5 a6 24. Be2 b5 25. Rdg1 b4 26. c4 h6 27. Ne4 Bxe4
28. fxe4 Nf4 29. Bd3 e5 30. dxe6 Rae8 31. Bc2 Rxe6 32. Rf1 Qg5 33. Rf3 Qg4 34.
Bd1 Rxe4 35. Kb1 Qg5 36. Qxd6 Rf6 37. Qxc5 Rfe6 38. Rxh6 Qxh6 39. Rxg3+ 1-0

[Event "1MCRV_F"]
[Site "?"]
[Date "2002.??.??"]
[Round "?"]
[White "Vondracek, Emil"]
[Black "Sykora, Josef"]
[Result "1-0"]
[WhiteElo "2280"]
[BlackElo "2370"]
[PlyCount "97"]
[EventDate "2002.??.??"]
[EventType "corr"]
[EventRounds "2"]
[SourceDate "2004.??.??"]

1. e4 c6 2. d4 d5 3. e5 c5 4. dxc5 e6 5. Be3 Qc7 6. Nf3 Bxc5 7. Bxc5 Qxc5 8. c3
Bd7 9. Bd3 Bb5 10. Na3 Bxd3 11. Qxd3 a6 12. O-O Ne7 13. Nc2 Nd7 14. Ncd4 Rc8
15. Rfe1 Qc7 16. Rad1 b5 17. Ng5 Nc5 18. Qh3 h6 19. Nxf7 Kxf7 20. b4 Qd7 21.
bxc5 Rxc5 22. Rd3 Nc6 23. Rf3+ Ke7 24. Qg4 Rg8 25. Qg6 Nd8 26. Qh7 Qe8 27. a4
bxa4 28. Rb1 Rf8 29. Qxg7+ Rf7 30. Qxh6 Rxf3 31. Nxf3 Kd7 32. Qe3 Qe7 33. Ra1
Ra5 34. Nd4 Qc5 35. Qd3 Kc8 36. h4 Qc7 37. f4 a3 38. g4 Qf7 39. f5 Qg7 40. Qe2
Ra4 41. g5 Qc7 42. Ra2 exf5 43. Qc2 Qd7 44. g6 Ne6 45. h5 Rc4 46. Qd3 Nxd4 47.
cxd4 f4 48. Qxa3 Kb8 49. Rg2 1-0

[Event "1MCRV_F"]
[Site "?"]
[Date "2002.??.??"]
[Round "?"]
[White "Kostal, Jindrich"]
[Black "Sluka, Vaclav"]
[Result "1-0"]
[WhiteElo "2305"]
[BlackElo "2245"]
[PlyCount "53"]
[EventDate "2002.??.??"]
[EventType "corr"]
[EventRounds "2"]
[SourceDate "2004.??.??"]

1. e4 e6 2. d4 d5 3. Nd2 c5 4. exd5 exd5 5. Ngf3 Nc6 6. Bb5 Bd6 7. O-O Nge7 8.
dxc5 Bxc5 9. Nb3 Bd6 10. Bg5 O-O 11. Re1 Qc7 12. h3 a6 13. Bd3 f6 14. Be3 Nb4
15. Nbd4 Re8 16. Ng5 g6 17. Nxh7 Kg7 18. Nxf6 Bh2+ 19. Kh1 Kxf6 20. Qf3+ Nf5
21. Bg5+ Kxg5 22. Rxe8 Nh4 23. Qf8 Nxd3 24. cxd3 Bd6 25. Qh8 Qf7 26. g3 Nf3 27.
Rae1 1-0

[Event "1MCRV_F"]
[Site "?"]
[Date "2002.??.??"]
[Round "?"]
[White "Hybl, Vladislav"]
[Black "Kuta, Jiri"]
[Result "1/2-1/2"]
[WhiteElo "2305"]
[BlackElo "2320"]
[PlyCount "70"]
[EventDate "2002.??.??"]
[EventType "corr"]
[EventRounds "2"]
[SourceDate "2004.??.??"]

1. e4 c5 2. Nf3 Nc6 3. d4 cxd4 4. Nxd4 Nf6 5. Nc3 e5 6. Ndb5 d6 7. Nd5 Nxd5 8.
exd5 Nb8 9. c4 a6 10. Nc3 Be7 11. Be2 O-O 12. O-O f5 13. f4 Nd7 14. Kh1 Bf6 15.
Qc2 e4 16. Be3 b6 17. g4 Bxc3 18. Qxc3 fxg4 19. Bxg4 Nf6 20. Be6+ Bxe6 21. dxe6
Rc8 22. Qd4 Qe7 23. f5 Ng4 24. Qxe4 Qh4 25. Bf4 Nxh2 26. Qe1 Nf3+ 27. Qxh4 Nxh4
28. Bxd6 Rxf5 29. Rae1 g6 30. Rf4 Rxf4 31. Bxf4 Nf5 32. b3 Kf8 33. Bg5 Rc6 34.
Kg2 Rd6 35. Bf6 Rd3 1/2-1/2

[Event "1MCRV_F"]
[Site "?"]
[Date "2002.??.??"]
[Round "?"]
[White "Kuta, Jiri"]
[Black "Kostal, Jindrich"]
[Result "0-1"]
[WhiteElo "2320"]
[BlackElo "2305"]
[PlyCount "46"]
[EventDate "2002.??.??"]
[EventType "corr"]
[EventRounds "2"]
[SourceDate "2004.??.??"]

1. d4 Nf6 2. c4 g6 3. Nc3 Bg7 4. e4 d6 5. f3 O-O 6. Be3 e5 7. d5 Nh5 8. Qd2 f5
9. exf5 gxf5 10. O-O-O Nd7 11. Bd3 Nc5 12. Bc2 a6 13. Kb1 Rb8 14. Nge2 b5 15.
cxb5 axb5 16. g4 fxg4 17. fxg4 Bxg4 18. Rhg1 Qh4 19. Bxc5 dxc5 20. Qd3 Bf5 21.
Qxb5 Bxc2+ 22. Kxc2 Rxb5 23. Nxb5 Qa4+ 0-1

[Event "1MCRV_F"]
[Site "?"]
[Date "2002.??.??"]
[Round "?"]
[White "Sluka, Vaclav"]
[Black "Vondracek, Emil"]
[Result "1/2-1/2"]
[WhiteElo "2245"]
[BlackElo "2280"]
[PlyCount "90"]
[EventDate "2002.??.??"]
[EventType "corr"]
[EventRounds "2"]
[SourceDate "2004.??.??"]

1. d4 Nf6 2. c4 e6 3. Nf3 d5 4. Nc3 c6 5. e3 Nbd7 6. Qc2 Bd6 7. b3 O-O 8. Be2
e5 9. cxd5 Nxd5 10. Bb2 Bb4 11. O-O Bxc3 12. Bxc3 Nxc3 13. Qxc3 exd4 14. Nxd4
Qf6 15. Rad1 Ne5 16. f4 Ng6 17. Rd3 Re8 18. Rfd1 a5 19. Qc5 a4 20. b4 Nf8 21.
Bf3 Ne6 22. Qc3 Nxd4 23. Qxd4 Qxd4 24. Rxd4 Be6 25. a3 f5 26. Kf2 Kf7 27. g3
Re7 28. Rc1 g6 29. Rc5 h6 30. e4 fxe4 31. Bxe4 Bg4 32. Bd3 Rd7 33. Rxd7+ Bxd7
34. Bc2 Kf6 35. Re5 b6 36. Re4 Bf5 37. Rc4 Rc8 38. Bxf5 Kxf5 39. b5 c5 40. Rxa4
c4 41. Ke2 Rc5 42. Kd2 Rxb5 43. Rxc4 Rb2+ 44. Rc2 Rxc2+ 45. Kxc2 Kg4 1/2-1/2

[Event "1MCRV_F"]
[Site "?"]
[Date "2002.??.??"]
[Round "?"]
[White "Sykora, Josef"]
[Black "Nosek, Jaroslav"]
[Result "1/2-1/2"]
[WhiteElo "2370"]
[BlackElo "2275"]
[PlyCount "72"]
[EventDate "2002.??.??"]
[EventType "corr"]
[EventRounds "2"]
[SourceDate "2004.??.??"]

1. Nf3 Nf6 2. g3 d5 3. Bg2 c6 4. O-O Nbd7 5. d4 e6 6. c4 dxc4 7. Qc2 b5 8. b3
cxb3 9. Qxc6 Rb8 10. axb3 Bb7 11. Qc2 Rc8 12. Qd3 a6 13. Bd2 Bd6 14. Ba5 Qe7
15. Nbd2 O-O 16. e4 Bb8 17. Rfe1 Rfe8 18. Nh4 h6 19. h3 Nf8 20. e5 Nd5 21. Ne4
Nd7 22. Qd2 Kh8 23. f4 Ba8 24. Nc3 N7b6 25. f5 exf5 26. Bxb6 Rxc3 27. Bc5 Rxc5
28. Nxf5 Qe6 29. dxc5 Qxf5 30. Bxd5 Bxd5 31. Qxd5 Qxh3 32. Qg2 Qc8 33. e6 Qxc5+
34. Qf2 Ba7 35. Qxc5 Bxc5+ 36. Kg2 fxe6 1/2-1/2

[Event "1MCRV_F"]
[Site "?"]
[Date "2002.??.??"]
[Round "?"]
[White "Mudra, Oldrich"]
[Black "Pytlik, Lesek"]
[Result "0-1"]
[WhiteElo "2200"]
[BlackElo "2260"]
[PlyCount "48"]
[EventDate "2002.??.??"]
[EventType "corr"]
[EventRounds "2"]
[SourceDate "2004.??.??"]

1. d4 Nf6 2. Nf3 d5 3. Bf4 c5 4. e3 Qb6 5. b3 Nc6 6. h3 Bf5 7. c3 e6 8. Nbd2
cxd4 9. Nxd4 Nxd4 10. cxd4 Ba3 11. Qe2 Bb2 12. Qb5+ Ke7 13. Rd1 Bc2 14. Bd3
Qxb5 15. Bxb5 Bxd1 16. Kxd1 Rac8 17. Ke2 Ne4 18. Nxe4 dxe4 19. Kd2 Bc3+ 20. Kd1
a6 21. Be2 Bb4 22. f3 Rc6 23. fxe4 Rhc8 24. Bc4 b5 0-1

[Event "1MCRV_F"]
[Site "?"]
[Date "2002.??.??"]
[Round "?"]
[White "Nevole, Milan"]
[Black "Kuchta, Jiri"]
[Result "1/2-1/2"]
[WhiteElo "2210"]
[BlackElo "2255"]
[PlyCount "86"]
[EventDate "2002.??.??"]
[EventType "corr"]
[EventRounds "2"]
[SourceDate "2004.??.??"]

1. d4 d5 2. c4 c6 3. Nc3 e6 4. e3 Nf6 5. Nf3 Bd6 6. Bd3 O-O 7. O-O dxc4 8. Bxc4
Nbd7 9. Qc2 e5 10. Rd1 exd4 11. Rxd4 Qc7 12. Ne4 Nxe4 13. Qxe4 Nf6 14. Qd3 Be7
15. Qc2 Bg4 16. Be2 Rfd8 17. Rxd8+ Rxd8 18. Bd2 Bd6 19. h3 Bh5 20. Rd1 Qe7 21.
Bc3 Nd5 22. Be1 Bc7 23. Qa4 a6 24. Qb3 b5 25. Kf1 Qe6 26. Qa3 Re8 27. Rc1 Bb6
28. Bd1 Bg6 29. Bd2 c5 30. Bc2 Bxc2 31. Rxc2 Ba7 32. b3 Nf6 33. Qb2 Ne4 34. Bc3
f6 35. Qc1 Bb6 36. Bb2 Qd5 37. Kg1 Rd8 38. Qf1 Qd3 39. Qxd3 Rxd3 40. Kf1 Ba5
41. Ke2 Rd7 42. h4 h5 43. Ng1 Rd2+ 1/2-1/2

[Event "1MCRV_F"]
[Site "?"]
[Date "2002.??.??"]
[Round "?"]
[White "Koukal, Vladimir"]
[Black "Skalicky, Frantisek"]
[Result "0-1"]
[WhiteElo "2240"]
[BlackElo "2245"]
[PlyCount "72"]
[EventDate "2002.??.??"]
[EventType "corr"]
[EventRounds "2"]
[SourceDate "2004.??.??"]

1. e4 e5 2. Nf3 Nc6 3. Bc4 Nf6 4. Ng5 d5 5. exd5 Na5 6. Bb5+ c6 7. dxc6 bxc6 8.
Be2 h6 9. Nh3 Bd6 10. d3 O-O 11. Nc3 Qc7 12. Bf3 Rb8 13. Ng1 c5 14. g4 Nc6 15.
h4 e4 16. Nxe4 Nxe4 17. Bxe4 c4 18. g5 cxd3 19. cxd3 Re8 20. Ne2 Bg4 21. f3
Rxe4 22. dxe4 Bxf3 23. Rh3 Bg3+ 24. Rxg3 Bxe2 25. Qxe2 Qxg3+ 26. Qf2 Qg4 27.
gxh6 Re8 28. Be3 Qxe4 29. O-O-O Qxe3+ 30. Qxe3 Rxe3 31. hxg7 Kxg7 32. Rg1+ Kh7
33. Rf1 Kg7 34. Rg1+ Kh6 35. Rf1 Ne5 36. Rf6+ Kh5 0-1

[Event "1MCRV_F"]
[Site "?"]
[Date "2002.??.??"]
[Round "?"]
[White "Skalicky, Frantisek"]
[Black "Nevole, Milan"]
[Result "1/2-1/2"]
[WhiteElo "2245"]
[BlackElo "2210"]
[PlyCount "66"]
[EventDate "2002.??.??"]
[EventType "corr"]
[EventRounds "2"]
[SourceDate "2004.??.??"]

1. e4 c5 2. Nf3 Nc6 3. d4 cxd4 4. Nxd4 g6 5. Nc3 Bg7 6. Be3 d6 7. Be2 Nf6 8. f4
O-O 9. O-O Ng4 10. Bxg4 Bxd4 11. Bxd4 Bxg4 12. Qd3 Nxd4 13. Qxd4 Bd7 14. Rad1
Bc6 15. f5 Re8 16. Nd5 Bxd5 17. exd5 Qa5 18. Kh1 Rac8 19. fxg6 fxg6 20. Qe4 Qb5
21. b3 Qd7 22. c4 Rf8 23. h3 b6 24. Kh2 Rce8 25. Rxf8+ Rxf8 26. Re1 Rf7 27. a4
Qc8 28. Re2 Qc5 29. Qh4 Kf8 30. Qh6+ Kg8 31. Qh4 Kf8 32. Qe4 Kg8 33. Qg4 a6
1/2-1/2

[Event "1MCRV_F"]
[Site "?"]
[Date "2002.??.??"]
[Round "?"]
[White "Kuchta, Jiri"]
[Black "Mudra, Oldrich"]
[Result "1-0"]
[WhiteElo "2255"]
[BlackElo "2200"]
[PlyCount "77"]
[EventDate "2002.??.??"]
[EventType "corr"]
[EventRounds "2"]
[SourceDate "2004.??.??"]

1. e4 d6 2. d4 Nf6 3. Nc3 Nbd7 4. g4 h6 5. Be3 e5 6. h3 c6 7. a4 Qa5 8. Bg2 Nb6
9. Bd2 Nc4 10. Nd5 Nxd2 11. Nxf6+ gxf6 12. Qxd2 Qxd2+ 13. Kxd2 exd4 14. Ne2 c5
15. Nf4 Be6 16. a5 Be7 17. c3 dxc3+ 18. bxc3 Bd8 19. Rhb1 Rb8 20. Bf1 Kd7 21.
Bb5+ Kc8 22. Kd3 Rg8 23. a6 b6 24. c4 Bd7 25. Rg1 Bxb5 26. cxb5 Kd7 27. Nd5 Rc8
28. Kc4 Re8 29. f3 Ke6 30. Ne3 Bc7 31. Rad1 Rh8 32. Rd5 Rh7 33. Nf5 Rch8 34.
Rgd1 Rd8 35. h4 Bb8 36. Ne3 Rg8 37. h5 Bc7 38. Nf5 Bb8 39. Nxd6 1-0

[Event "1MCRV_F"]
[Site "?"]
[Date "2002.??.??"]
[Round "?"]
[White "Pytlik, Lesek"]
[Black "Sykora, Josef"]
[Result "1/2-1/2"]
[WhiteElo "2260"]
[BlackElo "2370"]
[PlyCount "97"]
[EventDate "2002.??.??"]
[EventType "corr"]
[EventRounds "2"]
[SourceDate "2004.??.??"]

1. Nf3 Nf6 2. g3 b6 3. Bg2 Bb7 4. O-O e6 5. d3 d5 6. Nbd2 Nbd7 7. e4 dxe4 8.
Ng5 Be7 9. Ndxe4 Rb8 10. Qe2 O-O 11. Rd1 h6 12. Nf3 Re8 13. Bf4 Nd5 14. Bd2 c5
15. c4 N5f6 16. Bf4 Ra8 17. Ne5 Qc8 18. Nxd7 Nxd7 19. Bd6 Bd8 20. f4 Bc7 21.
Rd2 f5 22. Bxc7 Qxc7 23. Nc3 Bxg2 24. Nb5 Qb8 25. Qxg2 a6 26. Nc3 Qd6 27. Rad1
Qd4+ 28. Kh1 Nf6 29. Qc6 Rab8 30. Re1 Kh7 31. Kg2 e5 32. fxe5 Rxe5 33. Rxe5
Qxe5 34. Qf3 Qe6 35. h3 Rd8 36. Re2 Qd7 37. Re3 g5 38. Qe2 Kg6 39. Re6 Re8 40.
Rxe8 Nxe8 41. Nd5 Nf6 42. Qe7 Qc6 43. Qd8 Nxd5 44. cxd5 Qf6 45. Qg8+ Qg7 46.
Qe8+ Qf7 47. Qc6+ Qf6 48. Kf3 Kf7 49. Qd7+ 1/2-1/2

[Event "1MCRV_F"]
[Site "?"]
[Date "2002.??.??"]
[Round "?"]
[White "Nosek, Jaroslav"]
[Black "Sluka, Vaclav"]
[Result "1/2-1/2"]
[WhiteElo "2275"]
[BlackElo "2245"]
[PlyCount "65"]
[EventDate "2002.??.??"]
[EventType "corr"]
[EventRounds "2"]
[SourceDate "2004.??.??"]

1. e4 e6 2. d4 d5 3. Nc3 Bb4 4. e5 c5 5. a3 Bxc3+ 6. bxc3 Ne7 7. Qg4 O-O 8. Bd3
f5 9. exf6 Rxf6 10. Bg5 Rf7 11. Qh4 h6 12. Nf3 Nbc6 13. Bxe7 Rxe7 14. O-O c4
15. Bg6 Qb6 16. Rfe1 Bd7 17. Ne5 Be8 18. Nxc6 bxc6 19. Bxe8 Raxe8 20. Re5 Qb8
21. f3 Qb2 22. Qe1 Qxc2 23. Rb1 Qa4 24. Ra1 Kh8 25. f4 Qa5 26. Qe3 Qc7 27. Re1
Qd6 28. a4 Qa3 29. f5 Qxa4 30. f6 Rf7 31. fxg7+ Kxg7 32. Rh5 Rf6 33. Rxh6
1/2-1/2

[Event "1MCRV_F"]
[Site "?"]
[Date "2002.??.??"]
[Round "?"]
[White "Vondracek, Emil"]
[Black "Kuta, Jiri"]
[Result "0-1"]
[WhiteElo "2280"]
[BlackElo "2320"]
[PlyCount "89"]
[EventDate "2002.??.??"]
[EventType "corr"]
[EventRounds "2"]
[SourceDate "2004.??.??"]

1. e4 c5 2. Nc3 Nc6 3. f4 g6 4. Nf3 Bg7 5. Bb5 Nd4 6. Bd3 d6 7. Nxd4 cxd4 8.
Ne2 Qb6 9. a4 Nf6 10. a5 Qc5 11. b3 O-O 12. Ba3 Qh5 13. Bb2 Bg4 14. Bxd4 Nxe4
15. Bxe4 Bxd4 16. Ra4 Bf6 17. Bxb7 Rab8 18. Ba6 Bh4+ 19. g3 Bf6 20. d4 Bd7 21.
Ra2 Bc6 22. Rf1 Qxh2 23. Qd3 e6 24. Qc3 Bg2 25. Rf2 e5 26. fxe5 Qh1+ 27. Kd2
Bg5+ 28. Nf4 dxe5 29. dxe5 Rfd8+ 30. Bd3 Be4 31. Ra4 Bf5 32. Ke3 Rbc8 33. Qa1
Rxd3+ 34. cxd3 Rc1 35. Qb2 Rd1 36. Qc3 Qg1 37. Kf3 h5 38. Raa2 Re1 39. Rfe2
Rf1+ 40. Rf2 Rxf2+ 41. Rxf2 Bg4+ 42. Ke4 Qxf2 43. d4 Bxf4 44. gxf4 Qg2+ 45. Qf3
0-1

[Event "1MCRV_F"]
[Site "?"]
[Date "2002.??.??"]
[Round "?"]
[White "Kostal, Jindrich"]
[Black "Hybl, Vladislav"]
[Result "1/2-1/2"]
[WhiteElo "2305"]
[BlackElo "2305"]
[PlyCount "86"]
[EventDate "2002.??.??"]
[EventType "corr"]
[EventRounds "2"]
[SourceDate "2004.??.??"]

1. e4 e6 2. d4 d5 3. Nd2 Nf6 4. e5 Nfd7 5. Bd3 c5 6. c3 Nc6 7. Ne2 cxd4 8. cxd4
f6 9. exf6 Nxf6 10. Nf3 Bd6 11. O-O O-O 12. Bf4 Bxf4 13. Nxf4 Qd6 14. g3 e5 15.
dxe5 Nxe5 16. Nxe5 Qxe5 17. Qb3 Qd6 18. Rad1 Be6 19. Rfe1 Bf7 20. Bf5 b6 21.
Be6 Rad8 22. Re3 Qc6 23. Bxf7+ Rxf7 24. Rd4 Rfd7 25. Qd1 a5 26. a3 b5 27. b3
Qd6 28. Qd2 Ra8 29. g4 Nxg4 30. Re6 Qc7 31. h3 Nf6 32. Nxd5 Nxd5 33. Rxd5 Rad8
34. Qe3 Rf8 35. Rxb5 Rdf7 36. Qc5 Qxc5 37. Rxc5 Rxf2 38. Re1 R2f3 39. Rxa5 Rg3+
40. Kh2 Rff3 41. Ra8+ Kf7 42. Ra7+ Kf6 43. Ra6+ Kg5 1/2-1/2